000 00547nam a22001937a 4500
999 _c7178
_d7178
003 OSt
005 20210908141043.0
008 210908b ||||| |||| 00| 0 eng d
020 _a0131955845
040 _cDDC
082 _a570ENN2007
100 _aEnnos,Roland;
_914481
245 _aStatistical and data handling skills in biology
_cEdited by Ennos,Roland;
260 _aLondon
_bPearson Prentice Hall
_c2007
300 _axi,235p;
_bill;
_c25cm
504 _aIncludes; references and index.
650 _aBiology
_95602
942 _2ddc
_cO_SHELF